[Event "Khanty-Mansiysk FIDE GP (Women)"]
[Site "Khanty-Mansiysk"]
[Date "2016.11.19"]
[Round "1"]
[White "Batsiashvili, Nino"]
[Black "Khotenashvili, Bela"]
[Result "1-0"]
[WhiteElo "2489"]
[BlackElo "2426"]
[Annotator "Mikhalchishin,A"]
[PlyCount "73"]
[EventDate "2016.11.19"]
[EventType "tourn"]
[EventRounds "11"]
[EventCountry "RUS"]
[EventCategory "10"]
[SourceTitle "CBM 176"]
[Source "ChessBase"]
[SourceDate "2017.01.17"]
[SourceVersion "1"]
[SourceVersionDate "2017.01.17"]
[SourceQuality "1"]
[WhiteClock "0:07:57"]
[BlackClock "0:00:38"]

1. d4 Nf6 2. c4 g6 3. Nc3 d5 4. cxd5 Nxd5 5. e4 Nxc3 6. bxc3 Bg7 7. Nf3 c5 8.
Be3 Qa5 9. Nd2 $5 {A rare continuation, but it seems to be no worse than main
lines!} cxd4 ({A usual move here is} 9... O-O 10. Rc1 (10. Be2 Qxc3 (10... b6
11. O-O Ba6 12. dxc5 Bxe2 13. Qxe2 Nd7 14. Nb3 Qa4 15. Rfd1 Nxc5 16. Nxc5 bxc5
17. Bxc5 Rac8 18. Qe3 Rc7 19. e5 Rfc8 20. Bd4 e6 21. Rd2 Rb7 22. h3 Bf8 23.
Rad1 {Grachev,B (2657)-Khalifman,A (2623)/Kaliningrad 2015, Black's
compensation is small.}) 11. Rc1 Qa3 (11... Qb2 12. Nc4 Qb5 13. d5 b6 14. O-O
Qd7 15. Bf4 Bb7 16. Re1 Rd8 17. Qb3 Qe8 18. Bc7 Rc8 19. Be5 f6 20. Bb2 {
Fressinet,L (2700)-Giri,A (2720)/Beijing 2012, with a very nice initiative for
the pawn.}) 12. Rxc5 Qxa2 13. O-O Nc6 14. Rc4 Qa5 15. d5 Ne5 16. Ra4 Qc7 17. f4
b5 18. Ra3 Nc4 19. Qc2 e6 20. Bxc4 bxc4 21. Qxc4 Qd8 22. Bd4 exd5 23. exd5 Bb7
$11 {Kasimdzhanov,R (2687)-Navara,D (2638)/Wijk aan Zee II , 2009}) ({Some
guys go for a repetition here!} 10. Nb3 Qxc3+ 11. Bd2 Qb2 12. Bc1 Qc3+ 13. Bd2
Qb2 14. Bc1 Qc3+ {1/2 Yuffa,D (2507)-Chigaev,M (2542)/Loo RUS 2016}) 10... cxd4
11. Nc4 Qxa2 (11... Qd8) 12. cxd4 Qa6 13. Be2 Qe6 (13... Rd8) 14. Qd3 (14. f3)
14... f5 15. O-O (15. f3 fxe4 16. fxe4 b6 17. d5) 15... Qxe4 (15... fxe4 $5 16.
Qb1 Nd7 17. Nd2 Nb6 18. Nxe4 $44) 16. Qa3 (16. Qb3 $142 $1 Qe6 17. Bf3 f4 18.
d5) 16... Nc6 (16... f4) 17. Nd2 Qh4 18. Nf3 Qf6 19. d5 Ne5 20. Rfd1 {Aronian,
L (2797)-Grischuk,A (2795)/Moscow 2014, with good compensation for the
sacrificed pawn.}) ({Other options here are a bit passive:} 9... Nd7 10. Qc2
O-O 11. Be2 e6 12. a4 Qc7 13. Qa2 Nf6 14. O-O Bd7 15. f3 Rfc8 16. Nb3 cxd4 17.
cxd4 Qc2 18. Nc5 Qxa2 19. Rxa2 Bc6 20. Rc1 Nd7 21. Nb3 {Korobov,A (2675)
-Borisek,J (2558)/Baku AZE 2016, Black faces problems in the endgame.}) (9...
Bd7 10. Be2 (10. Rc1 cxd4 11. cxd4 O-O 12. Bc4 Ba4 13. Bb3 Bb5 14. a4 Ba6 15.
Bc4 Bxc4 16. Rxc4 Nd7 17. O-O Nb6 18. Nb3 Qa6 19. Rc7 Nxa4 20. Qc2 b5 21. Rxe7
Rac8 {Deac,B (2559)-Areshchenko,A (2673)/Calimanesti-Caciulata ROU 2016, with
a very sharp position.}) 10... cxd4 11. Nc4 Qa4 12. cxd4 O-O 13. O-O Rc8 14.
Qxa4 Bxa4 15. Rab1 Nc6 16. d5 Nd4 17. Bxd4 Bxd4 18. Rxb7 Rab8 19. Rfb1 Rxb7 20.
Rxb7 {Korobov,A (2687)-Vachier Lagrave,M (2811)/Bastia FRA 2016, Black does
not have sufficient compensation for the pawn.}) 10. Nc4 (10. cxd4 {is less
pressing:} Nc6 (10... b6 11. Bc4 e6 12. O-O O-O 13. d5 e5 14. Qb3 Ba6 15. a4
Rc8 16. Rfc1 {Nikcevic,N (2440)-Dzevlan,M (2405)/Banja Vrucica 1991, with
strong pressure.}) 11. d5 Nd4 12. Rc1 Qxa2 13. Bc4 Qb2 14. Bxd4 Qxd4 15. Bb5+
Kf8 16. O-O Bh6 {Kuligowski,A (2450)-Adorjan,A (2545)/New York 1981, White's
compensation is not dangerous.}) 10... Qd8 ({Of course, the simple trick never
worked:} 10... Qxc3+ 11. Bd2) ({A typical queen sacrifice does not work here:} 
10... dxe3 11. Nxa5 Bxc3+ 12. Ke2 Bxa5 13. Kxe3 O-O 14. Bb5 a6 15. Ba4 b5 16.
Qd5 Ra7 17. Bb3 Bb6+ 18. Ke2 Rd7 19. Qg5 Nc6 20. h4 Rfd8 21. Rad1 Nd4+ 22. Rxd4
Rxd4 23. f3 {Berkes,F (2679)-Baramidze,D (2615)/Germany 2013, with advantage
to White.}) 11. cxd4 O-O ({Black can start a direct assault on the opponent's
centre:} 11... f5 12. d5 (12. Ne5 Bxe5 13. dxe5 Qxd1+ 14. Rxd1 Kf7 15. exf5
Bxf5 16. Be2 Nc6 17. f4 Nb4 18. g4 Nc2+ 19. Kf2 Nxe3 20. Kxe3 Be6 21. f5 $1 {
Ponkratov,P (2604)-Eliseev,U (2548)/Khanty-Mansiysk 2015, with a serious
initiative in the endgame.}) (12. Rb1 O-O 13. Ne5 f4 14. Bc4+ e6 15. Bc1 Bxe5
16. dxe5 Qxd1+ 17. Kxd1 Nc6 18. Bb2 Rd8+ 19. Ke1 {Delchev,A (2644)-Zinchenko,Y
(2532)/Paleochora 2014, the bishop pair will be dangerous here.}) 12... O-O 13.
Bd4 fxe4 14. Bxg7 Kxg7 15. Qd4+ Kg8 16. Rd1 Nd7 17. Be2 Nb6 18. d6 Be6 19. Qxe4
Bf5 20. Qd4 {Predojevic,B (2637)-Brkic,A (2569)/Jahorina 2012, with serious
centralisation.}) 12. Rb1 ({Here two other moves have been tried seriously} 12.
Rc1 b5 13. Nd2 Bb7 14. d5 a6 15. Be2 f5 16. O-O Nd7 17. Qb3 f4 18. Bc5 Nxc5 19.
Rxc5 Rc8 20. Rcc1 Qd7 21. h3 Rxc1 22. Rxc1 {Berkes,F (2673)-Gupta,A (2593)/Bad
Wiessee 2013, with unpleasant threats.}) (12. Be2 f5 13. Qb3 f4 14. Bd2 Qxd4
15. O-O Be6 16. Rac1 Qd7 17. Rfd1 Nc6 18. Bc3 Qc7 19. Bxg7 Kxg7 20. Qb2+ Kh6 {
Karthikeyan,P (2463)-Savchenko,B (2607)/Dubai UAE 2016, The black king is safe
and the extra pawn is important.}) 12... Nc6 ({Still the main plan seems to be
better:} 12... f5 13. Ne5 Be6) 13. d5 Ne5 14. f4 $6 ({White could keep better
chances with} 14. Qd2 b6 15. Nxe5 Bxe5 16. f4 Bg7 17. Bc4) 14... Ng4 15. Bd4 ({
It would be dangerous to give up the dark-squared bishop:} 15. Be2 Nxe3 16.
Nxe3 Qa5+ 17. Kf2 e5) 15... e5 $1 16. fxe5 ({Nobody needs adventures like} 16.
Bc3 exf4 17. Bxg7 Qh4+ 18. Kd2 Kxg7) 16... Nxe5 17. Nxe5 ({Stopping the check
would be not serious:} 17. h4 Re8) 17... Qh4+ 18. Bf2 Qxe4+ 19. Be2 Qxg2 ({
Another way of attack was} 19... Bh3 20. Rg1 Bxg2 21. Bg3 Bxe5 22. Bxe5 Rad8
23. d6 Bf3) 20. Rg1 ({A terrible attack awaited White after} 20. Bf3 Qh3 21.
Nc4 Bf5) 20... Qxh2 $2 ({It was much to simply continue the development} 20...
Qe4 21. Nf3 Bc3+ 22. Kf1 Bh3+ 23. Rg2 Rad8) 21. Ng4 Bc3+ $2 ({Black still had
great compensation after} 21... Qd6) 22. Kf1 Qh3+ ({Nobody wants to swap
queens in such situations:} 22... Qf4 23. Qc1) 23. Rg2 h5 ({Still it was
better to try} 23... Qh1+ 24. Bg1 Rd8 25. d6 Bd7) 24. Nh2 $2 ({It was
difficult to find the best} 24. Nh6+ Kh7 25. Kg1 Bg7 (25... Kxh6 26. Rb3 $1)
26. Ng4 $1 Bxg4 27. Bxg4 hxg4 28. Rh2) 24... Bf5 $2 ({The balance was kept
after} 24... Rd8) 25. Rb3 Be4 26. Bf3 $1 {Now the queens will be exchanged and
Black's attack will be over.} Bxf3 27. Qxf3 Qxf3 28. Nxf3 Bf6 29. d6 ({A very
good try was} 29. Rxb7 Rab8 30. Rxb8 Rxb8 31. d6) 29... b6 (29... Rfd8 {
was slightly better:} 30. Bg3 Rd7) 30. d7 $18 Rfd8 31. Rd3 Rab8 32. Bg3 Rb7 33.
Rgd2 Kg7 34. Be5 b5 35. Rd6 Bxe5 36. Nxe5 b4 37. Nc6 1-0

[Event "Monarch Assurance 14th"]
[Site "Port Erin"]
[Date "2005.09.29"]
[Round "6"]
[White "Ikonnikov, Vyacheslav"]
[Black "Mikhalevski, Victor"]
[Result "1/2-1/2"]
[WhiteElo "2560"]
[BlackElo "2572"]
[Annotator "Mikhalevski,V"]
[PlyCount "174"]
[EventDate "2005.09.24"]
[EventType "swiss"]
[EventRounds "9"]
[EventCountry "IOM"]
[SourceTitle "CBM 108 Extra"]
[Source "ChessBase"]
[SourceDate "2005.11.04"]
[SourceVersion "1"]
[SourceVersionDate "2005.11.04"]
[SourceQuality "1"]

1. d4 Nf6 2. Nf3 g6 3. c4 Bg7 4. Nc3 d5 5. cxd5 Nxd5 6. e4 Nxc3 7. bxc3 c5 8.
Be3 Qa5 9. Qd2 O-O 10. Rc1 Rd8 11. Bh6 $5 {A very rare continuation which took
me by surprise. Black's task is not that easy as it may seem.} cxd4 $1 (11...
Bg4 $6 {doesn't work:} 12. Bxg7 Bxf3 $2 (12... Kxg7 $142 13. Ne5 Be6 (13... Bc8
14. Bc4 e6 15. Qf4 Rf8 16. O-O $16) 14. d5 $14) {in view of} 13. Bh6 $1 Bxe4
14. Qf4 $1 $18 {[%cal Gf4e5,Ge5e7] with the decisive threat of Qe5.} (14. Qe3
Rd6 $1 15. Bc4 Rxd4 16. Bxf7+ Kxf7 17. O-O Ra4 18. c4 Bf5 19. Qe5 Nc6 20. Qg7+
Ke6 21. Rfe1+ Kd7 22. Rcd1+ Kc7 23. Rxe7+ Kb6 24. Rxb7+ Ka6 25. Rb5 $18 {
0-1 Bazant,P-Navara,D/Czechia 2000/EXT 2001 (43). (43)})) ({Also bad is} 11...
Bh8 $2 12. Bc4 e6 (12... cxd4 13. Ng5 e6 14. Qf4 Rd7 15. Bxe6 $18) 13. Qf4 Rxd4
$2 (13... Nd7) 14. Ng5 $1 f5 (14... Rd7 15. Bxe6 $18) 15. O-O Rxc4 16. Qd6 Bg7
17. Qe7 $18 {1-0 Matthey,H-Olzem,L/Germany 1991/TD (17).}) ({Even worse is} 
11... Bxh6 $2 12. Qxh6 cxd4 $4 (12... Nd7 13. Bc4 $36) 13. Ng5 $18) 12. Bxg7 (
12. cxd4 $5 {would transpose to the game after} Nc6 $1 (12... Qxd2+ 13. Bxd2)
13. Qxa5 Nxa5 14. Bxg7 Kxg7) 12... Kxg7 13. cxd4 Nc6 $1 $146 {This way Black
wins at least two tempi.} ({Earlier Black played only} 13... Qxd2+ $6 14. Kxd2
Nc6 15. Ke3 $14 {1-0 Jelic,B-Schlette,M/Groningen 2004/CBM 104 ext (27). which
leads to a slight edge for White.}) 14. Qxa5 ({In case of} 14. d5 $6 {Black
immediately exchanges the central pawn by means of} e6 $1 $11) 14... Nxa5 15.
Kd2 {The same position with the black knight on b8 arises after 13...Qxd2?!.
The king goes to e3 to support the d4-pawn. At the same time the f1-a6
diagonal is left open for the light-squared bishop.} ({An attempt to weaken
Black's queenside without development can't work.} 15. Rc5 b6 16. Rc7 Bb7 17.
Bd3 (17. Rxe7 Kf8 18. Re5 Nc6 19. Rd5 Rxd5 20. exd5 Nb4 $15) 17... Rac8 18.
Rxc8 Rxc8 19. Ke2 e6 $11 {and Black equalizes without problems.}) 15... Bg4 $1
{[%csl Rd4][%cal Gg4f3] Black forces an exchange on f3.} ({Now} 15... Nc6 $2
16. Ke3 {transposes to Jelic,B-Schlette,M/ Groningen 2004.}) 16. Ke3 ({In case
of} 16. Ne5 $6 {Black has a nice and unexpected idea at his disposal} Rxd4+ $1
{and after} 17. Ke3 {a pleasant choice between three good continuation.} Ra4 $1
(17... Rad8 $5 18. Nxg4 f5 $1 {[%csl Re4,Rg4] It turns out that the knight is
trapped on g4.} 19. h3 $140 (19. exf5 gxf5 20. Rc5 Nc6 21. Rxf5 (21. h3 $5 fxg4
22. hxg4 $11) 21... Rxg4 $11) 19... fxg4 $11 (19... Rxe4+ $5 20. Kf3 Nc6 {
[%cal Gc6d4]} 21. Nh2 $140 Nd4+ 22. Kg3 f4+ 23. Kh4 Nf5+ 24. Kg4 h5+ 25. Kg5
Rd5 26. Bc4 Ra5 27. a4 Ng3+ $19)) (17... Rd1 $5 18. Rxd1 (18. Rc5 b6 19. Rxa5
bxa5 20. Nxg4 Rb8 $15) 18... Bxd1 19. Bb5 Rd8 $1 $15) 18. Nxg4 f5 {[%csl Re4,
Rg4] and Black is fine.}) 16... Bxf3 $1 {Otherwise Ne5.} 17. gxf3 e6 $1 {
Fixing the d-pawn on d4.} 18. Be2 Rd7 $2 {A serious positional blunder. My
idea was to concentrate on the weak d4-pawn, however I've completely missed
the following strong manoeuvre, which forces an undesirable weakening of the
queenside for Black.} ({After the correct} 18... Rac8 {Black shouldn't
experience problems.}) (18... Rd6 {doesn't allow to equalize fully in view of}
19. Rhd1 Rad8 20. Rc7 Nc6 21. Rb1 $1 $14) 19. Rc5 $1 {White forces b6 and thus
my knight loses an important square on c6.} b6 20. Rc3 $1 {Another precise
move.} ({After} 20. Rc2 a6 $1 21. a4 $140 Nb3 {the knight get out of his bad
position on the edge of the board.}) 20... Rad8 21. Rd1 Rd6 $1 {[%cal Ga5c6]
Black prepares the attack of the centre by means of Nc6.} 22. Bb5 $1 {[%csl
Ra5,Gc6]} a6 $5 {An interesting positional pawn sacrifice.} ({Black could also
try} 22... Ra8 $5 {[%cal Ga7a6] with the idea of a6, but it looked too passive
for me.}) 23. Bxa6 Nc6 24. Rc4 f5 $1 {[%csl Rd4][%cal Gf5f4]} ({I was also
considering} 24... Ra8 {which forces} 25. Ra4 $1 (25. Bb7 $2 Ra3+ {[%csl Rd4]}
26. Ke2 (26. Rd3 $2 Rxd3+ 27. Kxd3 Ne5+) (26. Kf4 Rxd4 $1 {[%cal Ge6e5]}) 26...
Rxa2+ $15 {[%cal Gc6a5]}) 25... Na5 26. e5 $1 (26. Bb5 Rc8 {[%cal Gc8c2,Gc8c3]}
) 26... Rc6 27. Bb7 Rc4 28. Ra3 Ra7 29. Be4 Rd7 $14 {[%cal Gc4b4,Ga5c4]}) 25.
exf5 (25. Bb5 {allowing} f4+ {doesn't seem to promise a serious advantage.} 26.
Kxf4 Nxd4 27. Ba4 b5 28. Rc7+ Kh6 29. Bb3 (29. Rxd4 Rxd4 30. Bxb5 Rd2 {should
be ok for Black.}) 29... g5+ (29... e5+ 30. Kxe5 Nxf3+ 31. Kf4 Rxd1 32. Bxd1
Nxh2 33. Bb3 $14 {[%csl Rh2]}) 30. Kg4 (30. Ke3 e5 $1 {[%cal Gd8f8]}) 30... Rf8
$1 31. Bxe6 Rxf3 $13 {with mutual chances.}) (25. f4 $6 fxe4 {[%cal Gc6e7,
Ge7f5]}) 25... exf5 {An important moment. Black has to determine the pawn
structure.} (25... gxf5 $5) 26. Bb7 $6 {[%csl Gd5] White wants to control the
d5-square.} (26. Bb5 Re6+ 27. Kf4 Ne7 {[%cal Ge7d5]}) 26... Re8+ $6 {An
inaccuracy.} ({I could equalize with} 26... Na5 $1 27. Rc7+ Kf6 $1 {[%csl Rb7]
[%cal Gb6b5,Gd6b6]} 28. f4 b5 $1 {[%cal Ga5c4,Gd6b6]} 29. d5 Nxb7 (29... Rb6
30. Bc8) 30. Rxb7 Rxd5 31. Rxd5 Rxd5 32. Rxh7 Rc5 $11) 27. Kf4 Ne7 (27... Na5
$5 {was interesting again.} 28. Rc7+ Kf6 {[%csl Rb7][%cal Gb6b5,Gd6b6,Ge8d8]})
(27... Nd8 {[%csl Rb7][%cal Gd8e6]} 28. Bc8 $14 {[%csl Ge6]}) 28. Rc7 ({
An over-optimistic} 28. Ke5 $4 {could led to an elegant mate after} Rd7 29. Ba6
Nd5#) 28... Kf6 29. Kg3 $1 {White moves the king in advance from a possible
check on d4.} Red8 30. Rb1 $1 $14 f4+ $6 {[%csl Ge4,Rf4][%cal Gb7e4] A risky
move. Black gives up the e4-square and moreover the f4-pawn may become an
object of attack.} (30... Re6 31. Rb4 $14) 31. Kh3 $1 Re6 (31... Nf5 $5 {
provoking} 32. d5 Ne7 33. Kg4 g5 $1 {[%cal Gh7h5]} 34. Kh5 $1 Rg8 $1 35. Bc6
Nf5 {[%csl Rh5][%cal Gg5g4,Gg8g5]} 36. Kg4 h5+ 37. Kh3 $14 {[%csl Rb6]}) 32.
Rc4 $16 {[%csl Rb6][%cal Gc4b4] White has succeeded to consolidate the
position and now enjoys an extra pawn.} Rd7 $2 $138 (32... Red6) 33. Be4 ({
White could exploit Black's last move by means of} 33. d5 $5 {[%cal Gc4f4]}
Red6 (33... Nxd5 34. Bc8 $1 $16 {[%csl Rd7,Re6]}) 34. Bc6 {[%csl Rb6]} Ra7 35.
Rxf4+ Kg7 36. Rxb6 ({In case of} 36. a4 $6 Nxc6 37. Rxb6 $1 {Black suddenly
succeeds to unpin the knight.} g5 $1 38. Re4 Rh6+ $1 39. Kg3 Ne7) 36... Nxd5
37. Ra4 $1 Rxa4 38. Rb7+ Kf6 39. Bxa4 Nf4+ $132 {[%csl Rh3][%cal Gd6d4] and
thanks to a strong knight on f4 Black obtains some counter chances.}) 33...
Rdd6 $2 {I missed a simple attack of the f4-pawn.} (33... h5 $5 {[%csl Gg4]})
34. Kg4 Nd5 $1 {Looking for escape at the rook endgame.} 35. Rb5 ({White could
try to play also a rook endgame with two pawns up.} 35. Bxd5 $5 Rxd5 36. Kxf4)
35... h5+ $1 {The punc line of the previous move.} 36. Kh3 Ne7 37. a4 $1 Kg7 {
Being very short on time I decided to make a few fast moves by the king.} (
37... Rd7 $5) 38. Kg2 Kf6 39. h4 Kg7 40. Kf1 Kf6 41. Ke2 Nf5 $1 {Looking for
counterplay.} 42. d5 Re8 $1 43. Rcb4 Rb8 $1 {It turns out that Black is not
afraid of a5.} 44. Bd3 (44. a5 $6 bxa5 $1 {[%csl Rb4]} 45. Rxb8 axb4) 44...
Nxh4 45. Rxf4+ Nf5 $1 46. Rfb4 Ke5 $2 {[%csl Re5] Black allows to exploit a
pin along the b-file.} (46... Ne7 $5 47. Be4 g5 48. Rb1 Nf5 49. R5b4 Ra8) 47.
f4+ $2 {White also misses his chance.} ({After the correct} 47. Re4+ $1 Kf6 48.
a5 $16 {Black is in trouble. F.e.} h4 49. Kf1 h3 50. Kg1 Rbd8 51. axb6 Rxd5 52.
Rxd5 Rxd5 53. b7 Rd8 54. Rb4 Rb8 55. Kh2 $18) 47... Kf6 48. Kf3 Ne7 $6 (48...
Nh4+ $5 49. Kg3 Nf5+) 49. Be4 $6 ({And again White had a chance to exploit a
pin along the b-file.} 49. Rb3 $1 Nxd5 50. a5 $16) 49... Kg7 (49... Nf5 $5) 50.
Kg2 ({Once again} 50. Rb3 $5 {[%cal Ga4a5] deserved attention.} Ra8 51. Rxb6
Rxb6 52. Rxb6 Rxa4 53. d6 Nf5 54. d7 Rd4 55. Bc6 Nh6 $16) 50... Ra8 $1 {
Finally I could move the rook away from the very annoying pin along the b-file.
} 51. Rxb6 Rxa4 $1 52. Rxd6 Rxb4 {Now Black has very good chances to escape
for a draw.} 53. f3 Rb2+ $1 {Cutting the king.} 54. Kh3 Rd2 $1 55. Kg3 Kf7 56.
Rd8 Kf6 {There is no winning plan for White so I could just wait.} 57. Rd6+ Kf7
58. Ra6 Nf5+ {I've decided to transpose to a drawish rook endgame with two
extra g-pawns for White.} (58... Kg7) 59. Kh3 Kg7 60. Bxf5 gxf5 61. Rd6 Kf7 62.
Kh4 Ke7 63. Re6+ Kf7 64. Kxh5 (64. Re5 Kf6 65. Re6+ Kf7 {changes nothing.})
64... Rxd5 65. Re5 Rd1 66. Kg5 Rf1 67. Re3 Rh1 68. Ra3 Rh3 69. Kxf5 Rh5+ 70.
Kg4 Rb5 {The well-know Philidor position. A number of pawns along the f-file
is not essential.} 71. Ra6 Rc5 72. Rh6 Ra5 73. Rh5 (73. f5 Ra1 $11) 73... Ra6
74. Rh7+ (74. Kg5 Rg6+ 75. Kf5 Rf6+ 76. Ke5 Re6+ $11) 74... Kg6 75. Rb7 (75.
Rh1 Ra2) 75... Kf6 76. Rb8 Ra5 77. Rf8+ Kg6 78. Re8 Kf6 79. Rh8 Kg6 80. f5+ Kg7
81. Rh4 Ra3 82. Kf4 Ra1 $1 83. Kg5 Rg1+ 84. Rg4 Rf1 85. f6+ Kf7 86. f4 Ra1 87.
Rg2 (87. Rh4 Ra5+ 88. f5 Ra1 89. Rh7+ Kf8 $11) 87... Ra5+ {And finally a draw
was agreed. The reason for my troubles was the inaccurate move 18...Rd7?
Fortunately I was able to keep a very difficult position.} 1/2-1/2